00372 2200145 4500001002100000005001500021035002000036245004600056100002400102300001200126260005400138082000800192084001400200990001200214INLIS00000000000166220250429100100 a0010-04250000781 aDurorus Sholahiyah /cMoh. Syuaib Nur Aly0 aMoh. Syuaib Nur Aly a215 hlm aJawa Timur :bLembaga Pesantren Al Khoziny,c2020 a297 a297 MOH d a0754678